000 00249nam a2200097Ia 4500
001 853789
005 20250826174539.0
008 250824s9999 xx 000 0 und d
245 0 _aALLAH DE ÖTESİNİ BIRAK-2
_cUĞUR KOŞAR
260 _bDESTEK YAYINLARI
999 _c853789
_d853789